LEADER 03360nam 2200745 a 450 001 9910465547303321 005 20200520144314.0 010 $a3-11-024029-7 024 7 $a10.1515/9783110240290 035 $a(CKB)2560000000079381 035 $a(EBL)835422 035 $a(OCoLC)772845137 035 $a(SSID)ssj0000594903 035 $a(PQKBManifestationID)11422129 035 $a(PQKBTitleCode)TC0000594903 035 $a(PQKBWorkID)10550309 035 $a(PQKB)10108747 035 $a(MiAaPQ)EBC835422 035 $a(WaSeSS)Ind00017785 035 $a(DE-B1597)38349 035 $a(OCoLC)979582478 035 $a(DE-B1597)9783110240290 035 $a(Au-PeEL)EBL835422 035 $a(CaPaEBR)ebr10527942 035 $a(CaONFJC)MIL628105 035 $a(EXLCZ)992560000000079381 100 $a20110912d2011 uy 0 101 0 $aeng 135 $aur|n|---||||| 181 $ctxt 182 $cc 183 $acr 200 12$aA comparative grammar of British English dialects$b[electronic resource] $emodals, pronouns and complement clauses /$fby Nuria Herna?ndez, Daniela Kolbe, Monika Edith Schulz 210 $aBerlin ;$aBoston $cWalter de Gruyter$dc2011 215 $a1 online resource (328 p.) 225 1 $aTopics in English linguistics,$x1434-3452 ;$v50.2 300 $aDescription based upon print version of record. 311 $a1-306-96854-2 311 $a3-11-024028-9 320 $aIncludes bibliographical references and index. 327 $t Frontmatter -- $tPreface / $rSiebold, Nuria Hernández y / Kolbe-Hanna, Daniela / Schulz, Monika Edith -- $tAcknowledgements -- $tTable of contents -- $tGeneral introduction / $rHernández, Nuria / Kolbe, Daniela / Schulz, Monika Edith -- $tPossession and obligation / $rSchulz, Monika Edith -- $tPersonal pronouns / $rHernández, Nuria -- $tComplement clauses / $rKolbe, Daniela -- $tIndex 330 $aThis is the second volume of the multi-volume set A Contemporary Grammar of British English Dialects. The book again offers qualitative as well as corpus-based quantitative studies on grammatical variation in the British Isles. The three parts investigate complement clauses (Daniela Kolbe), personal pronouns (Nuria Herna?ndez) and modals (Monika Edith Schulz). The volume is of interest to dialectologists, sociolinguists, typologists, historical linguists, grammarians, and anyone working on the structure of spontaneous spoken English. 410 0$aTopics in English linguistics ;$v50.2. 606 $aEnglish language$xDialects$zGreat Britain 606 $aEnglish language$zGreat Britain$xGrammar 606 $aEnglish language$xModality 606 $aEnglish language$xPronoun 606 $aEnglish language$xClauses 608 $aElectronic books. 615 0$aEnglish language$xDialects 615 0$aEnglish language$xGrammar. 615 0$aEnglish language$xModality. 615 0$aEnglish language$xPronoun. 615 0$aEnglish language$xClauses. 676 $a427/.941 700 $aHerna?ndez$b Nuria$01026596 701 $aKolbe$b Daniela$01026597 701 $aSchulz$b Monika$0486267 801 0$bMiAaPQ 801 1$bMiAaPQ 801 2$bMiAaPQ 906 $aBOOK 912 $a9910465547303321 996 $aA comparative grammar of British English dialects$92441582 997 $aUNINA LEADER 03485 am 2200733 n 450 001 9910353334903321 005 20160111 010 $a2-917902-85-X 024 7 $a10.4000/books.inha.4617 035 $a(CKB)4100000009914063 035 $a(FrMaCLE)OB-inha-4617 035 $a(oapen)https://directory.doabooks.org/handle/20.500.12854/52386 035 $a(PPN)241289815 035 $a(EXLCZ)994100000009914063 100 $a20171205j|||||||| ||| 0 101 0 $afre 135 $auu||||||m|||| 181 $ctxt$2rdacontent 182 $cc$2rdamedia 183 $acr$2rdacarrier 200 12$aL?iconographie du Caire dans les collections patrimoniales françaises /$fMaryse Bideault 210 $aParis $cPublications de l?Institut national d?histoire de l?art$d2016 215 $a1 online resource (239 p.) 330 $aParce que ce travail réalisé en 2009-2010 (enquête menée pour le compte de la Mission de la Recherche et de la Technologie (MRT) du ministère de la Culture et de la Communication) a été diffusé en interne et qu?il est désormais mis en ligne, il nous a semblé nécessaire d?en fournir une version mise à jour. Les mises à jour ont porté sur de nouvelles identifications de producteurs de documents figurés (ainsi, les photographies réputées anonymes du Fonds Égypte moderne de la bibliothèque de l?Institut national d?histoire de l?art, Paris, qui sont désormais données avec certitude à Beniamino Facchinelli), ainsi que sur des identifications d?édifices cairotes. En outre, certaines modifications sont intervenues entre-temps au traitement des fonds iconographiques (inventaire, numérisation, mise en ligne, réflexion sur les toponymes). Enfin, la bibliographie a été actualisée. Les légendes des illustrations respectent et transcrivent les annotations manuscrites, avec leur graphie propre, portées sur ou en marge des ?uvres. Ces titres se trouvent en italique. Quand ces informations manquent, des titres forgés ont été créés et figurent entre crochets carrés. Les translittérations utilisées s?appuient sur le thésaurus pour l?identification des monuments du Caire, Cairo Gazetteer (http://cairogazetteer.fr/invisu/). 606 $aArts & Humanities 606 $aiconographie 606 $aarchéologie et histoire de l?art 606 $afonds patrimonial 606 $aphotographie 606 $adessin 606 $aaquarelle 606 $aestampe 606 $amusée 606 $aenquête 606 $acollecte 610 $aiconographie 610 $amusée 610 $aestampe 610 $aenquête 610 $afonds patrimonial 610 $aarchéologie et histoire de l?art 610 $aphotographie 610 $aaquarelle 610 $adessin 610 $acollecte 615 4$aArts & Humanities 615 4$aiconographie 615 4$aarchéologie et histoire de l?art 615 4$afonds patrimonial 615 4$aphotographie 615 4$adessin 615 4$aaquarelle 615 4$aestampe 615 4$amusée 615 4$aenquête 615 4$acollecte 700 $aBideault$b Maryse$01245386 701 $aBideault$b Maryse$01245386 701 $aVolait$b Mercedes$0732718 801 0$bFR-FrMaCLE 906 $aBOOK 912 $a9910353334903321 996 $aL?iconographie du Caire dans les collections patrimoniales françaises$93024952 997 $aUNINA